Azjatyckie państwa z najkrótszą nazwą - Statystyki

Ogólne statystyki
  • Ten quiz został rozwiązany 33 880 razy
  • Średni wynik to 8 z 12
Statystyki odpowiedzi
Państwo % Poprawnych
Chiny
83%
Irak
81%
Iran
81%
Oman
79%
Indie
78%
Jemen
73%
Laos
72%
Nepal
68%
Katar
67%
Syria
61%
Liban
54%
Cypr
45%
Nie znaleziono quizów pasujących do podanych kryteriów
Rozkład punktacji
Procent ludzi z każdym wynikiem
Percentyl według liczby udzielonych odpowiedzi
Twoja historia wyników
Nie rozwiązałeś tego quizu